00653 a2200157 45000010006000000050017000060080041000230030015000640400040000790800034001192450103001532640034002563000019002905050161003091000025004702988620260407155609.0260407a1969 arg spa dAR-UNSa-BCEJYS aAR-UNSa-BCEJYSbspacAR-UNSa-BCEJYS a657.471.61xCostes generales 10aSistemas de costos para la administración de empresaspel costeo directo en el proceso decisorio 1aBuenos Aires :bDepalmac1969 a160 p.c23 cm. a1. Definición del costeo directo - 2. Diferencias con el costeo tradicional - 3.Objetivos del costeo directo - 4. Crítica del sistema - 5. Conclusión 1 aEtkin, Jorge Ricardo